LIBRARY & INFORMATION CENTRE, KCAET, TAVANUR

ONLINE PUBLIC ACCESS CATALOGUE (OPAC)

Practical english grammar / (Record no. 3269)

MARC details
000 -LEADER
fixed length control field 00446cam a2200181ua 4500
041 ## - LANGUAGE CODE
Language code of text/sound track or separate title eng
082 ## - DEWEY DECIMAL CLASSIFICATION NUMBER
Classification number 425
Item number THO/PR
100 ## - MAIN ENTRY--AUTHOR NAME
Personal name Thomson, A J .
245 ## - TITLE STATEMENT
Title Practical english grammar /
250 ## - EDITION STATEMENT
Edition statement 4 /
260 ## - PUBLICATION, DISTRIBUTION, ETC. (IMPRINT)
Place of publication Delhi :
Name of publisher Oxford University Press ,
Year of publication 1986.
300 ## - PHYSICAL DESCRIPTION
Number of Pages 383 ; .
700 1# - ADDED ENTRY--PERSONAL NAME
Personal name Martinet, A V .
942 ## - ADDED ENTRY ELEMENTS (KOHA)
Koha item type Books
Holdings
Withdrawn status Lost status Damaged status Home library Current library Date acquired Full call number Accession Number Koha item type
      KAUAET KAUAET 07/04/2012 425 18756 Books
      KAUAET KAUAET 07/04/2012 425 18757 Books
Withdrawn     KAUAET KAUAET 21/01/2021 425 THO/PR 3149 Books
free website counter